Missing Word: Tom, Dick, and Harry Movies Quiz Stats

Quiz Updated Aug 3, 2016

Challenge
Share
Tweet
Embed
Score 0/15 Timer 03:00
0 Plays Today
% Correct
Top
99.7%
Pink
96.4%
Afraid
93.8%
Risky
92.7%
Loathing
91.2%
Thunder
85.7%
Mile
85.2%
Cold
81.6%
% Correct
Samurai
72.4%
Private
72.2%
Dare
64.9%
Reacher
58.6%
Night
52.6%
Paris
36.6%
Thousand
36.3%

Today's Daily Dose

You're not logged in!

Compare scores with friends on all Sporcle quizzes.
Join for Free
OR
Log In

You Might Also Like...

Show Comments

Extras

Top Quizzes Today


Score Distribution

Your Account Isn't Verified!

In order to create a playlist on Sporcle, you need to verify the email address you used during registration. Go to your Sporcle Settings to finish the process.

Report this User

Report this user for behavior that violates our Community Guidelines.

Details: